[Event "Benidorm Satellite preliminary"]
[Site "playchess.com #007036"]
[Date "2009.10.24"]
[Round "5"]
[White "Matematika"]
[Black "MrHub"]
[Result "1/2-1/2"]
[WhiteElo "2043"]
[BlackElo "2465"]
[PlyCount "125"]
[EventDate "2009.10.24"]
[EventType "swiss (blitz)"]

1. Nf3 {[%emt 0:00:04]} e6 {[%emt 0:00:01]} 2. c4 {[%emt 0:00:02]} Nf6 {[%emt
0:00:01]} 3. d4 {[%emt 0:00:01]} b6 {[%emt 0:00:01]} 4. g3 {[%emt 0:00:01]} Bb7
{[%emt 0:00:01]} 5. Bg2 {[%emt 0:00:01]} d5 {[%emt 0:00:00]} 6. O-O {[%emt 0:
00:01]} Be7 {[%emt 0:00:01]} 7. Qc2 {[%emt 0:00:03]} O-O {[%emt 0:00:01]} 8. b3
{[%emt 0:00:02]} Nbd7 {[%emt 0:00:01]} 9. Bb2 {[%emt 0:00:02]} c5 {[%emt 0:00:
01]} 10. e3 {[%emt 0:00:01]} dxc4 {[%emt 0:00:01]} 11. Qxc4 {[%emt 0:00:02]}
Rc8 {[%emt 0:00:00]} 12. Qe2 {[%emt 0:00:05]} Nb8 {[%emt 0:00:05]} 13. Rd1 {
[%emt 0:00:04]} Qc7 {[%emt 0:00:01]} 14. dxc5 {[%emt 0:00:12]} Qxc5 {[%emt 0:
00:07]} 15. Nc3 {[%emt 0:00:18]} Rfd8 {[%emt 0:00:02]} 16. Rxd8+ {[%emt 0:00:
06]} Rxd8 {[%emt 0:00:02]} 17. Rd1 {[%emt 0:00:03]} Rxd1+ {[%emt 0:00:04]} 18.
Qxd1 {[%emt 0:00:01]} Nbd7 {[%emt 0:00:02]} 19. Nd4 {[%emt 0:00:12]} Bxg2 {
[%emt 0:00:04]} 20. Kxg2 {[%emt 0:00:01]} h6 {[%emt 0:00:07]} 21. h3 {[%emt 0:
00:06]} a6 {[%emt 0:00:12]} 22. Qf3 {[%emt 0:00:17]} b5 {[%emt 0:00:01]} 23.
Qa8+ {[%emt 0:00:06]} Kh7 {[%emt 0:00:02]} 24. Qxa6 {[%emt 0:00:02]} b4 {[%emt
0:00:03]} 25. Na4 {[%emt 0:00:18]} Qd5+ {[%emt 0:00:04]} 26. Kh2 {[%emt 0:00:
11]} Ne4 {[%emt 0:00:12]} 27. Qd3 {[%emt 0:00:10]} f5 {[%emt 0:00:08]} 28. Qe2
{[%emt 0:00:13]} Qd6 {[%emt 0:00:27]} 29. Nf3 {[%emt 0:00:12]} Bf6 {[%emt 0:00:
06]} 30. Bxf6 {[%emt 0:00:02]} Ndxf6 {[%emt 0:00:00]} 31. Nb2 {[%emt 0:00:09]}
Nc3 {[%emt 0:00:09]} 32. Qd3 {[%emt 0:00:04]} Qxd3 {[%emt 0:00:27]} 33. Nxd3 {
[%emt 0:00:02]} Nxa2 {[%emt 0:00:00]} 34. Nd4 {[%emt 0:00:01]} Ne4 {[%emt 0:00:
03]} 35. Nxe6 {[%emt 0:00:02]} Nac3 {[%emt 0:00:16]} 36. Kg2 {[%emt 0:00:03]}
Nd5 {[%emt 0:00:02]} 37. Nd4 {[%emt 0:00:03]} Kg6 {[%emt 0:00:06] MrHub
propose la nulle} 38. Nc6 {[%emt 0:00:04]} Nd2 {[%emt 0:00:03]} 39. Ncxb4 {
[%emt 0:00:06]} Nxb4 {[%emt 0:00:02]} 40. Nxb4 {[%emt 0:00:01]} Nxb3 {[%emt 0:
00:00]} 41. Nd5 {[%emt 0:00:01]} Nc5 {[%emt 0:00:03]} 42. Nf4+ {[%emt 0:00:01]}
Kf6 {[%emt 0:00:02]} 43. g4 {[%emt 0:00:01]} fxg4 {[%emt 0:00:01]} 44. hxg4 {
[%emt 0:00:02]} Nd7 {[%emt 0:00:04]} 45. f3 {[%emt 0:00:01]} Ne5 {[%emt 0:00:
04]} 46. Kg3 {[%emt 0:00:01]} g6 {[%emt 0:00:02]} 47. Nd5+ {[%emt 0:00:02]} Ke6
{[%emt 0:00:01]} 48. Nc3 {[%emt 0:00:02]} Nd3 {[%emt 0:00:04]} 49. f4 {[%emt 0:
00:02]} Nc5 {[%emt 0:00:03]} 50. e4 {[%emt 0:00:02]} Nd3 {[%emt 0:00:11]} 51.
Nd5 {[%emt 0:00:05]} Nc5 {[%emt 0:00:02]} 52. Kf3 {[%emt 0:00:02]} Nd7 {[%emt
0:00:01]} 53. Ne3 {[%emt 0:00:02]} Nc5 {[%emt 0:00:02]} 54. f5+ {[%emt 0:00:01]
} Kf6 {[%emt 0:00:06]} 55. Nd5+ {[%emt 0:00:03]} Kg5 {[%emt 0:00:01]} 56. f6 {
[%emt 0:00:02]} Ne6 {[%emt 0:00:04]} 57. f7 {[%emt 0:00:02]} h5 {[%emt 0:00:01]
} 58. gxh5 {[%emt 0:00:02]} gxh5 {[%emt 0:00:00]} 59. e5 {[%emt 0:00:03]} Kf5 {
[%emt 0:00:04]} 60. Nf4 {[%emt 0:00:04]} Ng5+ {[%emt 0:00:04]} 61. Kg2 {[%emt
0:00:04]} Nxf7 {[%emt 0:00:01]} 62. Nxh5 {[%emt 0:00:01]} Nxe5 {[%emt 0:00:01]}
63. Ng3+ {[%emt 0:00:01] MrHub propose la nulle Arbiter Decision (Draw by
material)} 1/2-1/2

[Event "Benidorm Satellite preliminary"]
[Site "playchess.com #007036"]
[Date "2009.10.24"]
[Round "5"]
[White "Wun2"]
[Black "Chess_Lion"]
[Result "0-1"]
[WhiteElo "1850"]
[BlackElo "2263"]
[PlyCount "80"]
[EventDate "2009.10.24"]
[EventType "swiss (blitz)"]

1. d4 {[%emt 0:00:01]} Nf6 {[%emt 0:00:01]} 2. c4 {[%emt 0:00:01]} c5 {[%emt 0:
00:01]} 3. d5 {[%emt 0:00:02]} e6 {[%emt 0:00:01]} 4. Nc3 {[%emt 0:00:02]} exd5
{[%emt 0:00:01]} 5. cxd5 {[%emt 0:00:00]} d6 {[%emt 0:00:00]} 6. e4 {[%emt 0:
00:01]} g6 {[%emt 0:00:01]} 7. Bd3 {[%emt 0:00:05]} Bg7 {[%emt 0:00:01]} 8.
Nge2 {[%emt 0:00:01]} O-O {[%emt 0:00:01]} 9. O-O {[%emt 0:00:01]} a6 {[%emt 0:
00:01]} 10. a4 {[%emt 0:00:02]} Nbd7 {[%emt 0:00:01]} 11. Ng3 {[%emt 0:00:01]}
Qe7 {[%emt 0:00:05]} 12. f4 {[%emt 0:00:03]} Rb8 {[%emt 0:00:05]} 13. Be3 {
[%emt 0:00:08]} Ne8 {[%emt 0:00:05]} 14. Qf3 {[%emt 0:00:13]} b5 {[%emt 0:00:
08]} 15. axb5 {[%emt 0:00:03]} axb5 {[%emt 0:00:01]} 16. Nxb5 {[%emt 0:00:04]}
Bxb2 {[%emt 0:00:02]} 17. Rab1 {[%emt 0:00:07]} Bg7 {[%emt 0:00:04]} 18. e5 {
[%emt 0:00:17]} dxe5 {[%emt 0:00:07]} 19. f5 {[%emt 0:00:02]} Ba6 {[%emt 0:00:
15]} 20. Ne4 {[%emt 0:00:25]} Ndf6 {[%emt 0:00:48]} 21. Bg5 {[%emt 0:00:40]}
Bxb5 {[%emt 0:00:10]} 22. Bxb5 {[%emt 0:00:04]} Nd6 {[%emt 0:00:06]} 23. Bxf6 {
[%emt 0:00:41]} Bxf6 {[%emt 0:00:17]} 24. fxg6 {[%emt 0:00:04]} fxg6 {[%emt 0:
00:06]} 25. Nxf6+ {[%emt 0:00:03]} Kg7 {[%emt 0:00:03]} 26. Qh3 {[%emt 0:00:16]
} Rxf6 {[%emt 0:00:11]} 27. Rxf6 {[%emt 0:00:01]} Kxf6 {[%emt 0:00:08]} 28.
Qh4+ {[%emt 0:00:02]} g5 {[%emt 0:00:23]} 29. Qh6+ {[%emt 0:00:02]} Kf5 {[%emt
0:00:05]} 30. Bd3+ {[%emt 0:00:05]} e4 {[%emt 0:00:05]} 31. Rxb8 {[%emt 0:00:
10]} exd3 {[%emt 0:00:01]} 32. Rf8+ {[%emt 0:00:02]} Ke4 {[%emt 0:00:10]} 33.
Rf1 {[%emt 0:00:03]} Kd4 {[%emt 0:00:10]} 34. Kh1 {[%emt 0:00:06]} d2 {[%emt 0:
00:03]} 35. Qh3 {[%emt 0:00:04]} Qe2 {[%emt 0:00:13] '} 36. Qf3 {[%emt 0:00:08]
} Qxf3 {[%emt 0:00:02]} 37. gxf3 {[%emt 0:00:01]} Ke3 {[%emt 0:00:01]} 38. Kg2
{[%emt 0:00:02]} Ke2 {[%emt 0:00:01]} 39. f4 {[%emt 0:00:00]} gxf4 {[%emt 0:00:
03]} 40. Rxf4 {[%emt 0:00:02]} d1=Q {[%emt 0:00:02] Wun2 gibt auf} 0-1

[Event "Benidorm Satellite preliminary"]
[Site "playchess.com #007036"]
[Date "2009.10.24"]
[Round "5"]
[White "Misu2008"]
[Black "Casellina"]
[Result "1-0"]
[WhiteElo "1774"]
[BlackElo "1547"]
[PlyCount "91"]
[EventDate "2009.10.24"]
[EventType "swiss (blitz)"]

1. d4 {[%emt 0:00:04]} Nf6 {[%emt 0:00:01]} 2. c4 {[%emt 0:00:02]} g6 {[%emt 0:
00:01]} 3. Nc3 {[%emt 0:00:02]} Bg7 {[%emt 0:00:01]} 4. e4 {[%emt 0:00:04]} d6
{[%emt 0:00:01]} 5. f3 {[%emt 0:00:01]} O-O {[%emt 0:00:01]} 6. Bg5 {[%emt 0:
00:01]} c5 {[%emt 0:00:04]} 7. d5 {[%emt 0:00:02]} h6 {[%emt 0:00:02]} 8. Be3 {
[%emt 0:00:02]} Na6 {[%emt 0:00:10]} 9. Bd3 {[%emt 0:00:06]} Nc7 {[%emt 0:00:
02]} 10. Nge2 {[%emt 0:00:02]} Rb8 {[%emt 0:00:03]} 11. O-O {[%emt 0:00:03]} a6
{[%emt 0:00:01]} 12. a4 {[%emt 0:00:09]} Bd7 {[%emt 0:00:10]} 13. Ng3 {[%emt 0:
00:20]} b5 {[%emt 0:00:16]} 14. axb5 {[%emt 0:00:06]} axb5 {[%emt 0:00:01]} 15.
cxb5 {[%emt 0:00:05]} Nxb5 {[%emt 0:00:02]} 16. Bxb5 {[%emt 0:00:14]} Bxb5 {
[%emt 0:00:03]} 17. Re1 {[%emt 0:00:11]} Bd7 {[%emt 0:00:20]} 18. Qd2 {[%emt 0:
00:09]} Kh7 {[%emt 0:00:05]} 19. h3 {[%emt 0:00:18]} Ng8 {[%emt 0:00:35]} 20.
f4 {[%emt 0:00:06]} Qc8 {[%emt 0:00:04]} 21. Bf2 {[%emt 0:00:08]} f5 {[%emt 0:
00:11]} 22. e5 {[%emt 0:00:01]} dxe5 {[%emt 0:00:06]} 23. fxe5 {[%emt 0:00:01]}
Rb4 {[%emt 0:00:32]} 24. Ra5 {[%emt 0:00:16]} Qb8 {[%emt 0:00:16]} 25. Bxc5 {
[%emt 0:00:23]} Rxb2 {[%emt 0:00:05]} 26. Qc1 {[%emt 0:00:31]} Rb3 {[%emt 0:00:
12]} 27. Bd4 {[%emt 0:00:03]} Rc8 {[%emt 0:00:13]} 28. Qd2 {[%emt 0:00:01]} Rb2
{[%emt 0:00:05]} 29. Qd3 {[%emt 0:00:01]} Rxg2+ {[%emt 0:00:08]} 30. Kxg2 {
[%emt 0:00:02]} Qb2+ {[%emt 0:00:01]} 31. Re2 {[%emt 0:00:02]} Qb4 {[%emt 0:00:
01]} 32. Raa2 {[%emt 0:00:05]} e6 {[%emt 0:00:03]} 33. d6 {[%emt 0:00:03]} Qc4
{[%emt 0:00:04]} 34. Qxc4 {[%emt 0:00:02]} Rxc4 {[%emt 0:00:01]} 35. Rad2 {
[%emt 0:00:02]} Bf8 {[%emt 0:00:05]} 36. Nf1 {[%emt 0:00:02]} h5 {[%emt 0:00:
01]} 37. Ne3 {[%emt 0:00:01]} Rc6 {[%emt 0:00:02]} 38. Rc2 {[%emt 0:00:02]} Nh6
{[%emt 0:00:02]} 39. Na2 {[%emt 0:00:03]} Rxc2 {[%emt 0:00:02]} 40. Rxc2 {
[%emt 0:00:01]} f4 {[%emt 0:00:00]} 41. Nc4 {[%emt 0:00:05]} Nf5 {[%emt 0:00:
01]} 42. Bb2 {[%emt 0:00:03]} Bb5 {[%emt 0:00:03]} 43. Kf3 {[%emt 0:00:03]}
Bxc4 {[%emt 0:00:03]} 44. Rxc4 {[%emt 0:00:01]} Ne3 {[%emt 0:00:02]} 45. Rxf4 {
[%emt 0:00:02]} Nd5 {[%emt 0:00:02]} 46. Rxf8 {[%emt 0:00:02] Casellina resigns
} 1-0

[Event "Benidorm Satellite preliminary"]
[Site "playchess.com #007036"]
[Date "2009.10.24"]
[Round "5"]
[White "Munchie the 5th"]
[Black "Pfleger"]
[Result "1/2-1/2"]
[WhiteElo "1618"]
[BlackElo "1690"]
[PlyCount "109"]
[EventDate "2009.10.24"]
[EventType "swiss (blitz)"]

1. d4 {[%emt 0:00:01]} Nf6 {[%emt 0:00:04]} 2. c4 {[%emt 0:00:00]} e5 {[%emt 0:
00:05]} 3. dxe5 {[%emt 0:00:02]} Ng4 {[%emt 0:00:04]} 4. Bf4 {[%emt 0:00:03]}
Nc6 {[%emt 0:00:06]} 5. Nf3 {[%emt 0:00:01]} Bc5 {[%emt 0:00:03]} 6. e3 {[%emt
0:00:01]} Qe7 {[%emt 0:00:02]} 7. Bd3 {[%emt 0:00:02]} Ngxe5 {[%emt 0:00:07]}
8. Nxe5 {[%emt 0:00:05]} Nxe5 {[%emt 0:00:03]} 9. Bxe5 {[%emt 0:00:01]} Qxe5 {
[%emt 0:00:01]} 10. Qc2 {[%emt 0:00:04]} Bb4+ {[%emt 0:00:04]} 11. Nd2 {[%emt
0:00:04]} d6 {[%emt 0:00:04]} 12. O-O {[%emt 0:00:02]} Bxd2 {[%emt 0:00:02]}
13. Qxd2 {[%emt 0:00:02]} O-O {[%emt 0:00:00]} 14. Qc2 {[%emt 0:00:14]} h6 {
[%emt 0:00:05]} 15. Rad1 {[%emt 0:00:02]} b6 {[%emt 0:00:02]} 16. Be4 {[%emt 0:
00:01]} Rb8 {[%emt 0:00:04]} 17. Bc6 {[%emt 0:00:06]} Bb7 {[%emt 0:00:03]} 18.
Bxb7 {[%emt 0:00:02]} Rxb7 {[%emt 0:00:01]} 19. Rd5 {[%emt 0:00:00]} Qe6 {
[%emt 0:00:06]} 20. Rfd1 {[%emt 0:00:03]} Re8 {[%emt 0:00:11]} 21. Qa4 {[%emt
0:00:11]} a5 {[%emt 0:00:15]} 22. Qc6 {[%emt 0:00:05]} Ra7 {[%emt 0:00:07]} 23.
R1d4 {[%emt 0:00:37]} Rea8 {[%emt 0:00:21]} 24. Rb5 {[%emt 0:00:18]} Qg6 {
[%emt 0:00:11]} 25. Qe4 {[%emt 0:00:12]} Qxe4 {[%emt 0:00:04]} 26. Rxe4 {[%emt
0:00:00]} Kf8 {[%emt 0:00:01]} 27. Kf1 {[%emt 0:00:02]} Re8 {[%emt 0:00:01]}
28. Rxe8+ {[%emt 0:00:05]} Kxe8 {[%emt 0:00:02]} 29. Rf5 {[%emt 0:00:02]} Ke7 {
[%emt 0:00:02]} 30. Ke2 {[%emt 0:00:02]} Ke6 {[%emt 0:00:02]} 31. Rf4 {[%emt 0:
00:02]} f5 {[%emt 0:00:02]} 32. Kf3 {[%emt 0:00:11]} Ra8 {[%emt 0:00:09]} 33.
Rd4 {[%emt 0:00:03]} Rf8 {[%emt 0:00:05]} 34. Kf4 {[%emt 0:00:02]} g5+ {[%emt
0:00:03]} 35. Kf3 {[%emt 0:00:02]} Re8 {[%emt 0:00:11]} 36. b3 {[%emt 0:00:10]}
Kf6 {[%emt 0:00:01]} 37. Ke2 {[%emt 0:00:04]} Re5 {[%emt 0:00:01]} 38. Kd3 {
[%emt 0:00:03]} Re6 {[%emt 0:00:13]} 39. f3 {[%emt 0:00:07]} Ke7 {[%emt 0:00:
04]} 40. Rd5 {[%emt 0:00:14]} Re5 {[%emt 0:00:03]} 41. Kd4 {[%emt 0:00:04]} Ke6
{[%emt 0:00:04]} 42. e4 {[%emt 0:00:06]} fxe4 {[%emt 0:00:16]} 43. Rxe5+ {
[%emt 0:00:07]} dxe5+ {[%emt 0:00:03]} 44. Kxe4 {[%emt 0:00:01]} Kd6 {[%emt 0:
00:02]} 45. h3 {[%emt 0:00:04]} c6 {[%emt 0:00:01]} 46. g4 {[%emt 0:00:02]} b5
{[%emt 0:00:03]} 47. cxb5 {[%emt 0:00:04]} cxb5 {[%emt 0:00:01]} 48. a3 {[%emt
0:00:03]} Kc5 {[%emt 0:00:03]} 49. Kxe5 {[%emt 0:00:03]} b4 {[%emt 0:00:01]}
50. a4 {[%emt 0:00:01]} Kc6 {[%emt 0:00:02]} 51. Kd4 {[%emt 0:00:01]} Kd6 {
[%emt 0:00:01]} 52. Ke4 {[%emt 0:00:05]} Kc5 {[%emt 0:00:01]} 53. Ke5 {[%emt 0:
00:01]} Kc6 {[%emt 0:00:01]} 54. Ke4 {[%emt 0:00:23]} Kc5 {[%emt 0:00:05]} 55.
Ke5 {[%emt 0:00:01]} 1/2-1/2

[Event "Benidorm Satellite preliminary"]
[Site "playchess.com #007036"]
[Date "2009.10.24"]
[Round "5"]
[White "Mau13"]
[Black "Jiriki"]
[Result "0-1"]
[WhiteElo "1928"]
[BlackElo "2519"]
[PlyCount "106"]
[EventDate "2009.10.24"]
[EventType "swiss (blitz)"]

1. e4 {[%emt 0:00:06]} e6 {[%emt 0:00:01]} 2. d4 {[%emt 0:00:11]} d5 {[%emt 0:
00:01]} 3. Nc3 {[%emt 0:00:01]} Nf6 {[%emt 0:00:01]} 4. Bd3 {[%emt 0:00:03]} c5
{[%emt 0:00:02]} 5. exd5 {[%emt 0:00:01]} exd5 {[%emt 0:00:01]} 6. Nf3 {[%emt
0:00:01]} c4 {[%emt 0:00:06]} 7. Be2 {[%emt 0:00:03]} Bd6 {[%emt 0:00:01]} 8.
O-O {[%emt 0:00:03]} O-O {[%emt 0:00:02]} 9. Bg5 {[%emt 0:00:00]} Be6 {[%emt 0:
00:01]} 10. Ne5 {[%emt 0:00:04]} Be7 {[%emt 0:00:10]} 11. Bf3 {[%emt 0:00:11]}
Nc6 {[%emt 0:00:09]} 12. Re1 {[%emt 0:00:15]} h6 {[%emt 0:00:03]} 13. Bh4 {
[%emt 0:00:11]} Rc8 {[%emt 0:00:35]} 14. Qd2 {[%emt 0:00:10]} a6 {[%emt 0:00:
08]} 15. a4 {[%emt 0:00:10]} Qd6 {[%emt 0:00:20]} 16. Bg3 {[%emt 0:00:07]} Qb4
{[%emt 0:00:01]} 17. Nxc6 {[%emt 0:00:09]} bxc6 {[%emt 0:00:11]} 18. h3 {[%emt
0:00:48]} Rfd8 {[%emt 0:00:04]} 19. Rab1 {[%emt 0:00:06]} c5 {[%emt 0:00:08]}
20. Be5 {[%emt 0:00:17]} Nd7 {[%emt 0:00:19]} 21. Bxd5 {[%emt 0:00:28]} Bxd5 {
[%emt 0:00:07]} 22. Nxd5 {[%emt 0:00:05]} Qxd2 {[%emt 0:00:01]} 23. Nxe7+ {
[%emt 0:00:00]} Kh7 {[%emt 0:00:08]} 24. Nxc8 {[%emt 0:00:04]} Rxc8 {[%emt 0:
00:08]} 25. c3 {[%emt 0:00:01]} cxd4 {[%emt 0:00:09]} 26. Bxd4 {[%emt 0:00:04]}
Nf8 {[%emt 0:00:20] '} 27. Re7 {[%emt 0:00:07]} Ne6 {[%emt 0:00:01]} 28. Rxf7 {
[%emt 0:00:04]} Nxd4 {[%emt 0:00:01]} 29. cxd4 {[%emt 0:00:00]} Qc2 {[%emt 0:
00:05]} 30. Re1 {[%emt 0:00:01]} Qxb2 {[%emt 0:00:01]} 31. Ree7 {[%emt 0:00:01]
} Rg8 {[%emt 0:00:01]} 32. d5 {[%emt 0:00:03]} Qd2 {[%emt 0:00:04]} 33. Rc7 {
[%emt 0:00:02]} Qxd5 {[%emt 0:00:02]} 34. Rfd7 {[%emt 0:00:00]} Qe6 {[%emt 0:
00:02]} 35. Re7 {[%emt 0:00:02]} Qf6 {[%emt 0:00:06]} 36. Rf7 {[%emt 0:00:01]}
Qg6 {[%emt 0:00:02]} 37. Kh2 {[%emt 0:00:02]} c3 {[%emt 0:00:02]} 38. Rfd7 {
[%emt 0:00:01]} c2 {[%emt 0:00:01]} 39. Rd2 {[%emt 0:00:04]} Qe4 {[%emt 0:00:
10]} 40. Rdxc2 {[%emt 0:00:01]} Qxa4 {[%emt 0:00:01]} 41. R7c4 {[%emt 0:00:02]}
Qb5 {[%emt 0:00:02]} 42. Rc5 {[%emt 0:00:01]} Qd3 {[%emt 0:00:01]} 43. R5c3 {
[%emt 0:00:02]} Qg6 {[%emt 0:00:01]} 44. Rc6 {[%emt 0:00:01]} Qf5 {[%emt 0:00:
04]} 45. R6c5 {[%emt 0:00:02]} Qf4+ {[%emt 0:00:01]} 46. g3 {[%emt 0:00:01]}
Qf3 {[%emt 0:00:01]} 47. R5c3 {[%emt 0:00:02]} Qa8 {[%emt 0:00:03]} 48. h4 {
[%emt 0:00:06]} Rf8 {[%emt 0:00:01]} 49. Rc7 {[%emt 0:00:02]} Rf6 {[%emt 0:00:
07]} 50. h5 {[%emt 0:00:05]} Qf3 {[%emt 0:00:01]} 51. R7c5 {[%emt 0:00:04]} Rf5
{[%emt 0:00:02]} 52. Rxf5 {[%emt 0:00:01]} Qxf5 {[%emt 0:00:01]} 53. Kg2 {
[%emt 0:00:00]} Qxc2 {[%emt 0:00:02] Mau13 resigns} 0-1

[Event "Benidorm Satellite preliminary"]
[Site "playchess.com #007036"]
[Date "2009.10.24"]
[Round "5"]
[White "JohnMLN"]
[Black "Plamínek"]
[Result "0-1"]
[WhiteElo "1663"]
[BlackElo "2083"]
[PlyCount "110"]
[EventDate "2009.10.24"]
[EventType "swiss (blitz)"]

1. c4 {[%emt 0:00:07]} Nf6 {[%emt 0:00:02]} 2. Nf3 {[%emt 0:00:03]} g6 {[%emt
0:00:02]} 3. b3 {[%emt 0:00:10]} Bg7 {[%emt 0:00:07]} 4. Bb2 {[%emt 0:00:01]}
O-O {[%emt 0:00:02]} 5. e3 {[%emt 0:00:02]} d6 {[%emt 0:00:02]} 6. Be2 {[%emt
0:00:10]} e5 {[%emt 0:00:06]} 7. d3 {[%emt 0:00:04]} Qe7 {[%emt 0:00:17]} 8.
Nbd2 {[%emt 0:00:02]} Nc6 {[%emt 0:00:26]} 9. Qc2 {[%emt 0:00:07]} Be6 {[%emt
0:00:16]} 10. Ng5 {[%emt 0:00:10]} Bd7 {[%emt 0:00:11]} 11. h3 {[%emt 0:00:09]}
d5 {[%emt 0:00:10]} 12. a3 {[%emt 0:00:10]} d4 {[%emt 0:00:07]} 13. Ngf3 {
[%emt 0:00:09]} dxe3 {[%emt 0:00:05]} 14. fxe3 {[%emt 0:00:01]} Nh5 {[%emt 0:
00:05]} 15. g4 {[%emt 0:00:11]} Ng3 {[%emt 0:00:03]} 16. Rh2 {[%emt 0:00:01]}
Nxe2 {[%emt 0:00:03]} 17. Rxe2 {[%emt 0:00:00]} a5 {[%emt 0:00:07]} 18. d4 {
[%emt 0:00:02]} f5 {[%emt 0:00:09]} 19. d5 {[%emt 0:00:11]} Nd8 {[%emt 0:00:12]
} 20. g5 {[%emt 0:00:23]} e4 {[%emt 0:00:09]} 21. Bxg7 {[%emt 0:00:09]} Qxg7 {
[%emt 0:00:02]} 22. Nd4 {[%emt 0:00:05]} Nf7 {[%emt 0:00:04]} 23. h4 {[%emt 0:
00:04]} Ne5 {[%emt 0:00:03]} 24. O-O-O {[%emt 0:00:25]} Nd3+ {[%emt 0:00:07]}
25. Kb1 {[%emt 0:00:01]} Qe7 {[%emt 0:00:02]} 26. Ka2 {[%emt 0:00:21]} c6 {
[%emt 0:00:07]} 27. Nb1 {[%emt 0:00:03]} Rfc8 {[%emt 0:00:07]} 28. dxc6 {[%emt
0:00:02]} Bxc6 {[%emt 0:00:07]} 29. Nxc6 {[%emt 0:00:01]} bxc6 {[%emt 0:00:06]}
30. Rxd3 {[%emt 0:00:02]} exd3 {[%emt 0:00:02]} 31. Qxd3 {[%emt 0:00:00]} Rd8 {
[%emt 0:00:04]} 32. Qc3 {[%emt 0:00:01]} Qe4 {[%emt 0:00:08]} 33. Qc1 {[%emt 0:
00:10]} Rab8 {[%emt 0:00:13]} 34. Qe1 {[%emt 0:00:07]} Rd3 {[%emt 0:00:04]} 35.
Rb2 {[%emt 0:00:06]} Rxe3 {[%emt 0:00:01]} 36. Qxa5 {[%emt 0:00:01]} Re2 {
[%emt 0:00:02]} 37. Qc3 {[%emt 0:00:11]} Rxb2+ {[%emt 0:00:02]} 38. Qxb2 {
[%emt 0:00:00]} Qd3 {[%emt 0:00:01]} 39. Nc3 {[%emt 0:00:01]} Kf7 {[%emt 0:00:
02]} 40. Na4 {[%emt 0:00:01]} f4 {[%emt 0:00:01]} 41. Nc5 {[%emt 0:00:01]} Kg8
{[%emt 0:00:01]} 42. Qf6 {[%emt 0:00:02]} Qc2+ {[%emt 0:00:02]} 43. Ka1 {[%emt
0:00:02]} Qd1+ {[%emt 0:00:01]} 44. Kb2 {[%emt 0:00:02]} Qe2+ {[%emt 0:00:01]}
45. Kc3 {[%emt 0:00:01]} Qe3+ {[%emt 0:00:01]} 46. Nd3 {[%emt 0:00:02]} Re8 {
[%emt 0:00:02]} 47. Qxc6 {[%emt 0:00:03]} f3 {[%emt 0:00:01]} 48. Qd5+ {[%emt
0:00:00]} Kh8 {[%emt 0:00:02]} 49. Qc6 {[%emt 0:00:01]} f2 {[%emt 0:00:02]} 50.
Qd5 {[%emt 0:00:01]} f1=Q {[%emt 0:00:03]} 51. Qd4+ {[%emt 0:00:00]} Qxd4+ {
[%emt 0:00:01]} 52. Kxd4 {[%emt 0:00:01]} Rd8+ {[%emt 0:00:00]} 53. Kc3 {[%emt
0:00:01]} Qxd3+ {[%emt 0:00:01]} 54. Kb4 {[%emt 0:00:00]} Rb8+ {[%emt 0:00:02]}
55. Ka4 {[%emt 0:00:00]} Qd7+ {[%emt 0:00:01] JohnMLN resigns} 0-1

[Event "Benidorm Satellite preliminary"]
[Site "playchess.com #007036"]
[Date "2009.10.24"]
[Round "5"]
[White "Juraldo"]
[Black "Novoselski"]
[Result "0-1"]
[WhiteElo "2666"]
[BlackElo "2691"]
[PlyCount "112"]
[EventDate "2009.10.24"]
[EventType "swiss (blitz)"]

1. e4 {[%emt 0:00:02]} e5 {[%emt 0:00:01]} 2. Nf3 {[%emt 0:00:02]} Nc6 {[%emt
0:00:01]} 3. d4 {[%emt 0:00:01]} exd4 {[%emt 0:00:02]} 4. Nxd4 {[%emt 0:00:01]}
Nf6 {[%emt 0:00:02]} 5. Nxc6 {[%emt 0:00:03]} bxc6 {[%emt 0:00:01]} 6. e5 {
[%emt 0:00:01]} Nd5 {[%emt 0:00:01]} 7. c4 {[%emt 0:00:02]} Bb4+ {[%emt 0:00:
03]} 8. Nd2 {[%emt 0:00:23]} Nb6 {[%emt 0:00:03]} 9. Bd3 {[%emt 0:00:03]} Ba6 {
[%emt 0:00:21]} 10. Qe2 {[%emt 0:00:03]} Qh4 {[%emt 0:00:14]} 11. b3 {[%emt 0:
00:22]} O-O {[%emt 0:00:17]} 12. O-O {[%emt 0:00:04]} Rae8 {[%emt 0:00:03]} 13.
f4 {[%emt 0:00:18]} d6 {[%emt 0:00:08]} 14. Nf3 {[%emt 0:00:50]} Qh5 {[%emt 0:
00:03]} 15. Bb2 {[%emt 0:00:08]} dxe5 {[%emt 0:00:19]} 16. fxe5 {[%emt 0:00:03]
} Bb7 {[%emt 0:00:08]} 17. Qe4 {[%emt 0:00:07]} Be7 {[%emt 0:00:07]} 18. Rae1 {
[%emt 0:00:12]} Bb4 {[%emt 0:00:07]} 19. Re2 {[%emt 0:00:05]} Nd7 {[%emt 0:00:
01]} 20. a3 {[%emt 0:00:12]} Nc5 {[%emt 0:00:02]} 21. Qxh7+ {[%emt 0:00:10]}
Qxh7 {[%emt 0:00:01]} 22. Bxh7+ {[%emt 0:00:00]} Kxh7 {[%emt 0:00:00]} 23. axb4
{[%emt 0:00:00]} Nd3 {[%emt 0:00:07]} 24. Bc3 {[%emt 0:00:04]} Nf4 {[%emt 0:00:
17]} 25. Ng5+ {[%emt 0:00:03]} Kg6 {[%emt 0:00:04]} 26. Rxf4 {[%emt 0:00:01]}
Kxg5 {[%emt 0:00:00]} 27. Ref2 {[%emt 0:00:03]} Kg6 {[%emt 0:00:01]} 28. h4 {
[%emt 0:00:04]} Re7 {[%emt 0:00:08]} 29. g4 {[%emt 0:00:02]} Bc8 {[%emt 0:00:
02]} 30. Kh2 {[%emt 0:00:06]} Be6 {[%emt 0:00:01]} 31. h5+ {[%emt 0:00:03]} Kh7
{[%emt 0:00:01]} 32. b5 {[%emt 0:00:01]} Rb8 {[%emt 0:00:04]} 33. Bb4 {[%emt 0:
00:13]} Rd7 {[%emt 0:00:03]} 34. bxc6 {[%emt 0:00:11]} Rd3 {[%emt 0:00:01]} 35.
Bc5 {[%emt 0:00:04]} Rbxb3 {[%emt 0:00:02]} 36. Bxa7 {[%emt 0:00:01]} Rh3+ {
[%emt 0:00:02]} 37. Kg2 {[%emt 0:00:00]} Rhg3+ {[%emt 0:00:01]} 38. Kf1 {[%emt
0:00:01]} Rb1+ {[%emt 0:00:05]} 39. Ke2 {[%emt 0:00:01]} Bxg4+ {[%emt 0:00:01]}
40. Kd2 {[%emt 0:00:00]} Be6 {[%emt 0:00:02]} 41. Bc5 {[%emt 0:00:07]} Rg5 {
[%emt 0:00:12] '} 42. Bd6 {[%emt 0:00:01]} cxd6 {[%emt 0:00:14]} 43. exd6 {
[%emt 0:00:00]} Rb6 {[%emt 0:00:02]} 44. Rd4 {[%emt 0:00:01]} Rxc6 {[%emt 0:00:
03]} 45. d7 {[%emt 0:00:00]} Bxd7 {[%emt 0:00:01]} 46. Rxd7 {[%emt 0:00:00]} f6
{[%emt 0:00:00]} 47. Kc3 {[%emt 0:00:09]} Rg4 {[%emt 0:00:06]} 48. Rd4 {[%emt
0:00:02]} Rg5 {[%emt 0:00:05]} 49. Rh2 {[%emt 0:00:03]} Kh6 {[%emt 0:00:01]}
50. Rdh4 {[%emt 0:00:00]} Rcc5 {[%emt 0:00:04]} 51. Kb4 {[%emt 0:00:01]} Rc8 {
[%emt 0:00:02]} 52. Kc3 {[%emt 0:00:02]} Rg3+ {[%emt 0:00:06]} 53. Kb4 {[%emt
0:00:02]} f5 {[%emt 0:00:04]} 54. c5 {[%emt 0:00:03]} Rg1 {[%emt 0:00:13]} 55.
Rc4 {[%emt 0:00:03]} Rb1+ {[%emt 0:00:03]} 56. Ka5 {[%emt 0:00:01]} Ra8# {
[%emt 0:00:01]} 0-1